| 000 | 00577cam a2200169 i 4500 | ||
|---|---|---|---|
| 020 | _a0688029566 : | ||
| 082 |
_a355.00092 _bKEE _cL-30-II, P-74 |
||
| 100 | 1 |
_aKeegan, John, _948589 |
|
| 245 | 1 | 0 |
_aWho's who in military history : _bfrom 1453 to the present day / _cJohn Keegan and Andrew Wheatcroft. |
| 260 |
_aNew York : _bMorrow, _c1976. |
||
| 300 |
_a367 p. _bill. (some col.), maps, ports. : _c26 cm. |
||
| 526 |
_a0 _b0 _c0 _d355_000920000000000_KEE |
||
| 650 | 0 |
_aMCE _9379 |
|
| 650 | 0 |
_aMilitary biography. _948590 |
|
| 700 | 1 |
_aWheatcroft, Andrew, _948591 |
|
| 942 |
_2ddc _cBK |
||
| 999 |
_c551466 _d551466 |
||